000 00618nam a2200181Ia 4500
005 20250923145837.0
008 008 250917s9999 xx 000 0 eng d
037 _aTextual
040 _aDSWL
_beng
_cDSWL
041 _aeng
_2eng
084 _aY72:7:7'N91't4, N87
_qDSWL
100 _aVohra, Gurpinder
_9839500
245 0 _aEffects of absentecism among class-IV employeeson the administration of kolawatison hospital for child
_c by Gurpinder Vohra
260 _aDelhi
_bDepartment of Social Work
_c1987
300 _a85p.
942 _cTEXL
_hY72:7:7'N91't4, N87
999 _c1456389
_d1456389